00557nam a2200169Ia 450000500170000000800460001702000180006303700120008104000210009304100130011408400190012724501010014624500280024726000820027530000140035765000160037120250508164329.0008 250505s9999 xx 000 0 hin d a81-7450-761-2 aTextual aFEDL bengcFEDL ahin2hin a657, NCEqFEDL 0aLekhashastra : Company khate evam vittya vivranon ka vishleshan : Kaksha 12 ke liye pathyapustak 0cNCERT (New Delhi India) aNew Delhi, IndiabNational Council of Educational Research and Trainingc2007 aviii,340p aAccountancy